10 Ethnic Groups by Country #2 - Statistics

General Stats
  • This quiz has been taken 48 times
  • The average score is 8 of 10
Answer Stats
Ethnic Group Country % Correct
Gujarati India
98%
Berber Morocco
98%
Punjabi Pakistan
95%
Kongo DR Congo
91%
Lombardi Italy
91%
Quechua Peru
91%
Azerbaijani Iran
82%
Oromo Ethiopia
70%
Polynesian Papua New Guinea
48%
Albanian Turkey
43%
No matching quizzes found
Score Distribution
Percent of People with Each Score
Percentile by Number Answered
Your Score History
You have not taken this quiz